00624nam a22001817a 450000500170000000800430001702000150006005000220007505000220009710000270011924501070014625000110025326000410026430000280030565000390033365000320037270000380040420240807111054.0240807b mx |||||||| |||| 00| 0 spa d a968184206504aQH77b.M4 A9 199804aHC133.5bA95 20011 aAyllon Torres, Teresa.10aMéxico b: sus recursos naturales y su población c/ Teresa Ayllon Torres, José Chávez Flores. a2a ed. aMéxico :bEditorial Limusa,c1998. a288 p. :bil. ;c23 cm. 72lembaRecursos naturaleszMéxico 72lembaPoblaciónxMéxico1 aChávez Flores, José, eautor